000 00462 a2200169 4500
020 _a 8120316010
040 _aDLC
_bDLC
082 _a537.6
100 _aGriffiths, David J
245 _aIntroduction to electrodynamics
_cGriffiths, David J.
250 _a3rd
260 _aNew Delhi :
_bPrentice-Hall of India Pvt.Ltd,
_c1999.
300 _axv, 576 p. :
_bill. ;
_c25 cm.
500 _aIncludes Index
650 _aElectrodynamics.
942 _cBK
_k537.6 GRI
_2ddc
999 _c4415
_d4415